|
|
|
|
| LEADER |
00837nam a22002172a 4500 |
| 001 |
000046082 |
| 003 |
CZ BrMZK |
| 005 |
20020731074401.0 |
| 008 |
010907s1987 xr f cze d |
| 040 |
|
|
|a BOA001
|b cze
|
| 100 |
1 |
|
|a Cyrus, Pavel,
|d 1949-
|7 mzk2003173192
|
| 245 |
1 |
0 |
|a Principy a systémy.
|n [Sv.] 2,
|p Pružnost, pevnost - příklady /
|c Pavel Cyrus
|
| 246 |
3 |
0 |
|a Pružnost, pevnost - příklady
|
| 250 |
|
|
|a 1. vyd.
|
| 260 |
|
|
|a Hradec Králové :
|b Pedagogická fakulta,
|c 1987
|
| 300 |
|
|
|a 53 s.
|
| 910 |
|
|
|a BOA001
|b PK-N-0025.675,2
|
| 964 |
|
|
|a Pružnost - příklady - učebnice - školy vysoké
|
| 990 |
|
|
|a BK
|
| 996 |
7 |
|
|b 3119946479
|c PK-N-0025.675/2
|l MZK
|r Sklad / do 1 hodiny
|n 4
|w 000046082
|u 000020
|a 1
|e BOA001
|j MZK50
|s A
|
| 996 |
7 |
|
|b 3119983516
|c PK-N-0025.675/2
|l MZK
|r Sklad / do 1 hodiny
|n 9
|w 000046082
|u 000010
|a 1
|e BOA001
|j MZK50
|s A
|